000 01165cam a22003617a 4500
003 CHAP
005 20220817043500.0
008 981022d1995 mx a r 00110 spa d
010 _a76397
011 _a77369
020 _a9688343498
035 _a86975
040 _cCHAP
082 0 4 _a515
_bD5
100 0 0 _aDiz Finck, Hugo Mario.
_933068
245 1 0 _aGeometrĂ­a descriptiva
_c/por Hugo Mario Diz Finck
260 _aXalapa. Ver. :
_bUniversidad Veracruzana,
_c1995.
300 _a2 v. :
_bilus.
410 2 _aUniversidad Veracruzana
490 0 _aTextos universitarios
590 _aBATCH-UPD
_b10
_c20130110
_lUCH01
_h0713
590 _aBATCH-UPD
_b10
_c20130410
_lUCH01
_h0358
590 _aBATCH-UPD
_b10
_c20130914
_lUCH01
_h1211
590 _aCONVERSION
_b10
_c20130109
_lUCH01
_h1342
650 1 4 _aGeometrĂ­a descriptiva.
_947655
810 2 _aUniversidad Veracruzana
830 0 _aTextos universitarios
_9112581
901 _aBK
905 _aGuadalupe Pinto C.
942 _cLIBRO
949 _a515 D5
_bBC
_cLIBRO
_d33724000680815
_eLIBRO
_fv.1
_h94418
_i86975
_si
_t$188.00
949 _a515 D5
_bBC
_cLIBRO
_d33724002205248
_eLIBRO
_fv.2
_h94419
_i86975
_sb
999 _c76397
_d76397